[Event "Pinneberg-ch"]
[Site "Pinneberg"]
[Date "2017.10.05"]
[Round "5"]
[White "Stubbe, Werner"]
[Black "Hawranke, Dietrich"]
[Result "1/2-1/2"]
[WhiteElo "1693"]
[BlackElo "2094"]
[PlyCount "93"]
[EventDate "2017.09.07"]
[EventType "swiss"]
[EventRounds "7"]
[EventCountry "GER"]
[SourceTitle "EXT 2019"]
[Source "ChessBase"]
[SourceDate "2018.10.10"]
[SourceVersion "1"]
[SourceVersionDate "2018.10.10"]
[SourceQuality "1"]

1. Nf3 c5 2. e3 g6 3. d4 Bg7 4. c3 Nf6 5. Bd3 b6 6. Nbd2 0-0 7. 0-0 Bb7 8. c4 cxd4 9. exd4 d6 10. Qe2 Nc6 11. a3 Nd7 12. Nb3 a5 13. Be3 a4 14. Nbd2 e5 15. d5 Nd4 16. Bxd4 exd4 17. b4 axb3 18. Nxb3 Nc5 19. Nbxd4 Nxd3 20. Qxd3 Ba6 21. Nb5 Bxa1 22. Rxa1 Qd7 23. Nfd4 Rfc8 24. Nc6 Rxc6 25. dxc6 Qxc6 26. Rb1 Rd8 27. Qd5 Bxb5 28. Qxb5 Qe4 29. h3 Ra8 30. Qxb6 h5 31. Rd1 Rxa3 32. Qd8+ Kg7 33. Qxd6 Ra4 34. Qd2 Qe5 35. Re1 Qf6 36. Qe2 Ra5 37. Qe3 Rf5 38. Re2 Rd5 39. Qe4 Qd6 40. Qe3 Rd3 41. Qe5+ Qxe5 42. Rxe5 Kf6 43. Re2 h4 44. f3 Rd4 45. Kf2 Kf5 46. Ra2 g5 47. Ra3 1/2-1/2

[Event "Pinneberg-ch"]
[Site "Pinneberg"]
[Date "2017.09.07"]
[Round "1"]
[White "Stubbe, Werner"]
[Black "Engels, Jan"]
[Result "1-0"]
[WhiteElo "1693"]
[BlackElo "1289"]
[PlyCount "63"]
[EventDate "2017.09.07"]
[EventType "swiss"]
[EventRounds "7"]
[EventCountry "GER"]
[SourceTitle "EXT 2019"]
[Source "ChessBase"]
[SourceDate "2018.10.10"]
[SourceVersion "1"]
[SourceVersionDate "2018.10.10"]
[SourceQuality "1"]

1. Nf3 d5 2. d4 Nf6 3. Bf4 e6 4. e3 Be7 5. Bd3 0-0 6. h3 c5 7. c3 Nc6 8. Nbd2 cxd4 9. exd4 Bd7 10. 0-0 Re8 11. Ne5 Bf8 12. Re1 Ne4 13. Nxe4 dxe4 14. Bxe4 Nxe5 15. Bxe5 Qb6 16. Qc2 f5 17. Bd3 Bc6 18. Re3 g6 19. Rae1 Bh6 20. f4 Bd7 21. h4 Bg7 22. Rg3 Rf8 23. h5 Bxe5 24. Rxe5 Be8 25. hxg6 hxg6 26. Bc4 Rf6 27. Rxf5 Rxf5 28. Qxf5 Bf7 29. Qe5 Qxb2 30. Rh3 Qc1+ 31. Kh2 Kf8 32. Rh8+ 1-0

[Event "Pinneberg-ch"]
[Site "Pinneberg"]
[Date "2016.09.15"]
[Round "3"]
[White "Stubbe, Werner"]
[Black "Sagitow, Kamil"]
[Result "1-0"]
[WhiteElo "1657"]
[BlackElo "1387"]
[PlyCount "101"]
[EventDate "2016.09.01"]
[EventType "swiss"]
[EventRounds "7"]
[EventCountry "GER"]
[SourceTitle "EXT 2018"]
[Source "ChessBase"]
[SourceDate "2017.10.13"]
[SourceVersion "1"]
[SourceVersionDate "2017.10.13"]
[SourceQuality "1"]

1. Nf3 Nc6 2. b3 e5 3. Bb2 e4 4. Ng1 d6 5. e3 Nf6 6. Ne2 Bg4 7. h3 Bh5 8. g4 Bg6 9. Nf4 Be7 10. Bb5 Rg8 11. Nc3 a6 12. Bxc6+ bxc6 13. g5 Nd7 14. Nxg6 hxg6 15. Nxe4 Bxg5 16. Qg4 Bh6 17. Ng3 Nc5 18. 0-0-0 Ne6 19. Qc4 Qd7 20. f4 d5 21. Qb4 f5 22. Qc3 Kf7 23. h4 d4 24. Qd3 c5 25. h5 gxh5 26. Qxf5+ Ke7 27. Qxh5 Raf8 28. Ne4 Qc6 29. Qe5 Kd7 30. Ba3 c4 31. f5 Nf4 32. exf4 Re8 33. Qxd4+ Kc8 34. Ng5 cxb3 35. axb3 Rd8 36. Qc3 Qb5 37. Nf7 Rd5 38. Nd6+ Rxd6 39. Bxd6 c6 40. f6 Qd5 41. Qh3+ Kd8 42. Be7+ Kc7 43. Qe3 Kb7 44. Qc3 Bxf4 45. Qb4+ Kc8 46. Qxf4 gxf6 47. Qxf6 Kb7 48. Rh4 a5 49. Rd4 Qg2 50. Rd7+ Ka6 51. Qe5 1-0

[Event "Hamburg-ch Seniors 22nd"]
[Site "Hamburg"]
[Date "2015.11.05"]
[Round "9"]
[White "Stubbe, Werner"]
[Black "Hotze, Kurt"]
[Result "1-0"]
[WhiteElo "1954"]
[BlackElo "1738"]
[PlyCount "103"]
[EventDate "2015.10.28"]
[EventType "swiss"]
[EventRounds "9"]
[EventCountry "GER"]
[SourceTitle "EXT 2018"]
[Source "ChessBase"]
[SourceDate "2017.10.13"]
[SourceVersion "1"]
[SourceVersionDate "2017.10.13"]
[SourceQuality "1"]

1. b3 e5 2. d4 exd4 3. Qxd4 d6 4. Bb2 Nf6 5. Nd2 Nc6 6. Qa4 Be7 7. Qh4 Bf5 8. Qf4 Bg6 9. h4 h6 10. 0-0-0 0-0 11. g4 Nd5 12. Qg3 Bf6 13. g5 Bxb2+ 14. Kxb2 h5 15. e4 Nb6 16. f4 f6 17. Ngf3 Qe7 18. f5 Be8 19. Bd3 d5 20. Rhe1 Na4+ 21. bxa4 Qb4+ 22. Nb3 d4 23. gxf6 Qc3+ 24. Kb1 Rxf6 25. Rg1 Rf7 26. f6 Bd7 27. e5 Bg4 28. Ng5 Rd7 29. Bh7+ Kh8 30. fxg7+ Kxg7 31. Rd3 Qb4 32. Qf4 Qe7 33. Qe4 Nxe5 34. Nxd4 Rf8 35. Nge6+ Kh6 36. Nxf8 Qxf8 37. Nf5+ Kxh7 38. Rxd7+ Nxd7 39. Ne7+ Kg7 40. Qg6+ Kh8 41. Qg5 Kh7 42. Qe3 Qf6 43. Qd3+ Kg7 44. Nf5+ Kg6 45. Ne3+ Kh6 46. Rxg4 Qb6+ 47. Kc1 hxg4 48. Nxg4+ Kh5 49. Qg3 Qd6 50. Qf3 Kxh4 51. Nf2 Qg3 52. Qh1+ 1-0

[Event "Hamburg-ch Seniors 22nd"]
[Site "Hamburg"]
[Date "2015.10.31"]
[Round "4"]
[White "Krotofil, Kurt"]
[Black "Stubbe, Werner"]
[Result "1-0"]
[WhiteElo "1974"]
[BlackElo "1954"]
[PlyCount "45"]
[EventDate "2015.10.28"]
[EventType "swiss"]
[EventRounds "9"]
[EventCountry "GER"]
[SourceTitle "EXT 2018"]
[Source "ChessBase"]
[SourceDate "2017.10.13"]
[SourceVersion "1"]
[SourceVersionDate "2017.10.13"]
[SourceQuality "1"]

1. d4 d5 2. c4 Nc6 3. cxd5 Qxd5 4. e3 e5 5. Nc3 Bb4 6. Bd2 Bxc3 7. bxc3 Qd6 8. Bd3 Nf6 9. Ne2 0-0 10. f3 Re8 11. 0-0 exd4 12. exd4 Nd5 13. Ng3 Bd7 14. Ne4 Qg6 15. Nc5 Bf5 16. Bxf5 Qxf5 17. Nxb7 Rab8 18. Nc5 Na5 19. Qa4 Re2 20. Rfe1 Nb6 21. Qb5 Rxe1+ 22. Rxe1 c6 23. Qxa5 1-0

[Event "Pinneberg op Seniors 16th"]
[Site "Pinneberg"]
[Date "2015.08.13"]
[Round "7"]
[White "Stubbe, Werner"]
[Black "Assmus, Edgar"]
[Result "0-1"]
[WhiteElo "1755"]
[BlackElo "1617"]
[PlyCount "78"]
[EventDate "2015.07.02"]
[EventType "swiss"]
[EventRounds "7"]
[EventCountry "GER"]
[SourceTitle "EXT 2017"]
[Source "ChessBase"]
[SourceDate "2016.10.25"]
[SourceVersion "1"]
[SourceVersionDate "2016.10.25"]
[SourceQuality "1"]

1. e4 e5 2. d4 exd4 3. Qxd4 Nc6 4. Qe3 Bb4+ 5. Bd2 Bxd2+ 6. Nxd2 Qe7 7. Bc4 d6 8. Ngf3 h6 9. 0-0-0 Nf6 10. h3 Bd7 11. Rhe1 0-0-0 12. Nd4 Nxd4 13. Qxd4 Kb8 14. Re3 Rhf8 15. Ra3 b6 16. Bd3 c5 17. Qe3 Bc6 18. Re1 Nd7 19. f4 f6 20. g3 Rfe8 21. Nf3 d5 22. e5 d4 23. Qf2 fxe5 24. Bg6 Rf8 25. Be4 Bxe4 26. Rxe4 Qd6 27. Qd2 exf4 28. gxf4 Rde8 29. Rxe8+ Rxe8 30. Nh4 Qf6 31. Ng2 Nf8 32. Qd3 Re7 33. Qg3 Qd6 34. Rf3 c4 35. Nh4 g6 36. Ng2 Kb7 37. Qh4 Re2 38. Ne1 Qb4 39. Rf1 Qd2+ 0-1

[Event "Hamburg-ch Seniors 21st"]
[Site "Hamburg"]
[Date "2014.11.03"]
[Round "6"]
[White "Raedisch, Peter"]
[Black "Stubbe, Werner"]
[Result "0-1"]
[WhiteElo "1651"]
[BlackElo "1750"]
[PlyCount "94"]
[EventDate "2014.10.29"]
[EventType "swiss"]
[EventRounds "9"]
[EventCountry "GER"]
[SourceTitle "EXT 2018"]
[Source "ChessBase"]
[SourceDate "2017.10.13"]
[SourceVersion "1"]
[SourceVersionDate "2017.10.13"]
[SourceQuality "1"]

1. e4 c6 2. d4 d5 3. exd5 cxd5 4. Nf3 Nf6 5. Ne5 Nc6 6. Bb5 Qb6 7. Nc3 Be6 8. Qd3 a6 9. Ba4 Nd7 10. Nxd7 Kxd7 11. 0-0 Rd8 12. b4 Kc8 13. Bxc6 Qxc6 14. b5 Qc4 15. bxa6 bxa6 16. Qg3 Kd7 17. Rd1 g6 18. Bf4 Rc8 19. Rd3 Bf5 20. Re3 f6 21. Rb1 g5 22. Bb8 Ke8 23. Ba7 Kf7 24. Rb8 Rxb8 25. Qxb8 Bg7 26. Qb7 Be6 27. Bc5 Re8 28. Re1 Qxc3 29. Rf1 Qc4 30. a3 Qb5 31. Qc7 Bf8 32. h3 Rc8 33. Qa7 Qc6 34. f4 Rc7 35. Qb8 gxf4 36. Rxf4 Bc8 37. Qb1 Bh6 38. Rh4 Be3+ 39. Kh1 h6 40. c3 f5 41. Qf1 Qg6 42. Qf3 Bg5 43. Qxd5+ Be6 44. Qe5 Rxc5 45. Qxc5 Bxh4 46. d5 Bd7 47. Qc4 Qg3 0-1

[Event "Hamburg Seniors-ch 20th"]
[Site "Hamburg"]
[Date "2013.11.05"]
[Round "7"]
[White "Stubbe, Werner"]
[Black "Cassens, Erhard Otto"]
[Result "0-1"]
[WhiteElo "1786"]
[BlackElo "1682"]
[PlyCount "74"]
[EventDate "2013.10.30"]
[EventType "swiss"]
[EventRounds "9"]
[EventCountry "GER"]
[SourceTitle "EXT 2015"]
[Source "ChessBase"]
[SourceDate "2014.11.20"]
[SourceVersion "1"]
[SourceVersionDate "2014.11.20"]
[SourceQuality "1"]

1. Nc3 e6 2. e4 c6 3. Nf3 d5 4. d4 Nd7 5. Bd3 dxe4 6. Nxe4 Ndf6 7. Ng3 Bd6 8. 0-0 Ne7 9. c4 0-0 10. Bg5 Ng6 11. Ne4 Be7 12. Rc1 Nxe4 13. Bxe7 Qxe7 14. Bxe4 Nf4 15. Qd2 Nh5 16. Bb1 Rd8 17. g4 Nf6 18. Qg5 Re8 19. Qh4 g6 20. Ng5 Kg7 21. Rc3 h6 22. Rh3 Ng8 23. f4 Qd8 24. Qf2 f5 25. gxf5 hxg5 26. fxg5 exf5 27. Qh4 Kf8 28. Qf4 Be6 29. Rh7 Re7 30. Rxe7 Nxe7 31. Qe5 Bf7 32. b3 Ng8 33. h4 Qe7 34. Bxf5 Qxe5 35. dxe5 gxf5 36. Rxf5 Kg7 37. Rf6 Nxf6 0-1

[Event "Pinneberg op Seniors 14th"]
[Site "Pinneberg"]
[Date "2013.08.01"]
[Round "7"]
[White "Zippert, Georg"]
[Black "Stubbe, Werner"]
[Result "1/2-1/2"]
[WhiteElo "1733"]
[BlackElo "1748"]
[PlyCount "108"]
[EventDate "2013.06.20"]
[EventType "swiss"]
[EventRounds "7"]
[EventCountry "GER"]
[SourceTitle "EXT 2017"]
[Source "ChessBase"]
[SourceDate "2016.10.25"]
[SourceVersion "1"]
[SourceVersionDate "2016.10.25"]
[SourceQuality "1"]

1. e4 c5 2. Nf3 a6 3. d4 cxd4 4. Nxd4 Nf6 5. Nc3 e5 6. Nf3 Bb4 7. Bd2 0-0 8. Bd3 d6 9. h3 Be6 10. 0-0 Nc6 11. a3 Bc5 12. Bg5 h6 13. Bh4 Ne7 14. Bxf6 gxf6 15. Nh4 Kg7 16. Na4 Ba7 17. c4 Rc8 18. b3 Rg8 19. Nc3 Kh7 20. Kh2 Bd4 21. Rc1 Bxc3 22. Rxc3 Ng6 23. Nf5 Bxf5 24. exf5 Nf4 25. g3 Nd5 26. Rc1 Ne7 27. Be4 Rc7 28. Qh5 Qf8 29. Rfd1 Rg5 30. Qf3 Nc6 31. Bxc6 bxc6 32. h4 Rg8 33. Qd3 Rd7 34. Qe4 Qa8 35. Qc2 Rgd8 36. b4 d5 37. cxd5 cxd5 38. Qc6 Rd6 39. Qxa8 Rxa8 40. f3 d4 41. Rd3 Ra7 42. Kg2 Kg7 43. Kf2 Rb7 44. Rc4 a5 45. Ke2 axb4 46. Rxb4 Rc7 47. Kd2 Rdc6 48. Rb2 Rc3 49. a4 Rxd3+ 50. Kxd3 Rc3+ 51. Ke2 Re3+ 52. Kf2 Ra3 53. Rb4 Ra2+ 54. Ke1 Ra3 1/2-1/2

[Event "Pinneberg op Seniors 14th"]
[Site "Pinneberg"]
[Date "2013.07.19"]
[Round "5"]
[White "Stubbe, Werner"]
[Black "Keuneke, Hanno"]
[Result "1-0"]
[WhiteElo "1748"]
[BlackElo "1713"]
[PlyCount "41"]
[EventDate "2013.06.20"]
[EventType "swiss"]
[EventRounds "7"]
[EventCountry "GER"]
[SourceTitle "EXT 2017"]
[Source "ChessBase"]
[SourceDate "2016.10.25"]
[SourceVersion "1"]
[SourceVersionDate "2016.10.25"]
[SourceQuality "1"]

1. e4 e5 2. Nf3 Nc6 3. d4 exd4 4. Bc4 Nf6 5. Bg5 Be7 6. e5 Ne4 7. Bxe7 Qxe7 8. 0-0 0-0 9. Re1 Ng5 10. Nxd4 Qc5 11. Nxc6 Qxc4 12. Ne7+ Kh8 13. Nd5 c6 14. Nc7 Rb8 15. Qd6 Kg8 16. Nc3 Ne6 17. Nxe6 fxe6 18. Qxb8 Qc5 19. Ne4 Qxc2 20. Qd6 b6 21. Qd2 1-0

[Event "Pinneberg op Seniors 14th"]
[Site "Pinneberg"]
[Date "2013.07.12"]
[Round "4"]
[White "Dangelowski, Peter"]
[Black "Stubbe, Werner"]
[Result "1/2-1/2"]
[WhiteElo "1728"]
[BlackElo "1748"]
[PlyCount "87"]
[EventDate "2013.06.20"]
[EventType "swiss"]
[EventRounds "7"]
[EventCountry "GER"]
[SourceTitle "EXT 2017"]
[Source "ChessBase"]
[SourceDate "2016.10.25"]
[SourceVersion "1"]
[SourceVersionDate "2016.10.25"]
[SourceQuality "1"]

1. d4 c6 2. c3 Nf6 3. Bf4 d6 4. e3 Nbd7 5. Nf3 Qc7 6. Nbd2 e5 7. Bg3 h6 8. dxe5 Nxe5 9. Nxe5 dxe5 10. Nc4 Nd7 11. Qh5 g6 12. Bxe5 Nxe5 13. Qxe5+ Qxe5 14. Nxe5 Bg7 15. Nf3 0-0 16. Bd3 a5 17. a4 Be6 18. 0-0 Rfd8 19. Bc2 c5 20. Rfd1 Kf8 21. Rxd8+ Rxd8 22. Kf1 Rd6 23. Ke1 Rb6 24. Kd2 Rxb2 25. Rb1 Rxb1 26. Bxb1 Bd5 27. Ne1 b6 28. f3 Bc6 29. Bc2 g5 30. c4 Ke7 31. Kd3 Be5 32. h3 f5 33. Ke2 Kf6 34. Nd3 Bc7 35. Nf2 h5 36. e4 fxe4 37. Nxe4+ Bxe4 38. Bxe4 Bg3 39. Kd3 Ke5 40. Bg6 h4 41. Be8 Bf2 42. Bd7 Kf4 43. Bg4 Bd4 44. Bd7 1/2-1/2

[Event "Pinneberg op Seniors 13th"]
[Site "Pinneberg"]
[Date "2012.07.26"]
[Round "6"]
[White "Stubbe, Werner"]
[Black "Hotze, Kurt"]
[Result "1-0"]
[WhiteElo "1813"]
[BlackElo "1539"]
[PlyCount "103"]
[EventDate "2012.06.21"]
[EventType "swiss"]
[EventRounds "7"]
[EventCountry "GER"]
[SourceTitle "EXT 2013"]
[Source "ChessBase"]
[SourceDate "2012.11.22"]
[SourceVersion "1"]
[SourceVersionDate "2012.11.22"]
[SourceQuality "1"]

1. d4 d5 2. Bf4 Nc6 3. Nf3 Bf5 4. e3 a6 5. c3 e6 6. Bd3 Bg6 7. Bxg6 hxg6 8. Nbd2 Bd6 9. Ne5 Bxe5 10. dxe5 g5 11. Bg3 Nge7 12. Qg4 Nf5 13. 0-0-0 Qe7 14. Nf3 0-0-0 15. Nxg5 Na5 16. Nf3 Nc4 17. Nd2 Nb6 18. Nb3 c5 19. Qe2 Qc7 20. Bf4 Na4 21. Kb1 Qb6 22. Qc2 Qc7 23. g4 Nh4 24. Nd2 b5 25. Bg3 Ng6 26. f4 Qc6 27. h4 Ne7 28. h5 Rd7 29. Bh4 Kb7 30. Bxe7 Rxe7 31. Nb3 Qb6 32. Rh2 Rc8 33. Qg2 Ka7 34. h6 gxh6 35. Rxh6 Qb7 36. Rdh1 b4 37. c4 dxc4 38. Qxb7+ Rxb7 39. Na5 Rd7 40. Nxc4 Rcc7 41. Kc2 Nb6 42. Nxb6 Kxb6 43. f5 c4 44. fxe6 fxe6 45. Rxe6+ Kb5 46. Rhh6 a5 47. Rb6+ Kc5 48. Ra6 Kb5 49. Rad6 Rf7 50. Rd5+ Ka4 51. Ra6 Rf2+ 52. Kd1 1-0

[Event "Pinneberg op Seniors 13th"]
[Site "Pinneberg"]
[Date "2012.07.06"]
[Round "3"]
[White "Dangelowski, Peter"]
[Black "Stubbe, Werner"]
[Result "1/2-1/2"]
[WhiteElo "1680"]
[BlackElo "1813"]
[PlyCount "47"]
[EventDate "2012.06.21"]
[EventType "swiss"]
[EventRounds "7"]
[EventCountry "GER"]
[SourceTitle "EXT 2013"]
[Source "ChessBase"]
[SourceDate "2012.11.22"]
[SourceVersion "1"]
[SourceVersionDate "2012.11.22"]
[SourceQuality "1"]

1. d4 c5 2. d5 Nf6 3. Nc3 g6 4. e4 d6 5. Bd3 Bg7 6. Nge2 0-0 7. 0-0 Nbd7 8. Ng3 a6 9. a4 b6 10. f4 Bb7 11. Qe2 Qc7 12. Bd2 Rfe8 13. f5 Ne5 14. Bf4 c4 15. fxg6 cxd3 16. gxf7+ Nxf7 17. cxd3 Qd7 18. Nf5 e6 19. dxe6 Qxe6 20. Qf2 Nh5 21. Bxd6 Nxd6 22. Nxd6 Rf8 23. Nf5 Kh8 24. Qh4 1/2-1/2

[Event "Pinneberg op Seniors 13th"]
[Site "Pinneberg"]
[Date "2012.06.28"]
[Round "2"]
[White "Stubbe, Werner"]
[Black "Mungard, Jens Uwe"]
[Result "1-0"]
[WhiteElo "1813"]
[BlackElo "1506"]
[PlyCount "23"]
[EventDate "2012.06.21"]
[EventType "swiss"]
[EventRounds "7"]
[EventCountry "GER"]
[SourceTitle "EXT 2013"]
[Source "ChessBase"]
[SourceDate "2012.11.22"]
[SourceVersion "1"]
[SourceVersionDate "2012.11.22"]
[SourceQuality "1"]

1. Nc3 e5 2. d4 exd4 3. Qxd4 Nc6 4. Qa4 d6 5. Nf3 Bd7 6. e3 a6 7. Bd2 Nf6 8. Ne4 h6 9. Nxf6+ Qxf6 10. Bc3 Qd8 11. Qf4 g5 12. Qe4+ 1-0